Current Challenges of Minority Policy in Slovak Republic
Výzvy menšinovej politiky na Slovensku. Skladba slovenskej populácie na Slovensku z hľadiska národností. Práva menšín, ochrana menšín. Maďarská menšina, rómska menšina. Historický prehľad formovania sa menšinovej politiky od vzniku SR (1993). Stav implementácie Rámcovej konvencie na ochranu národnos...
Saved in:
| Main Author: | |
|---|---|
| Format: | Book Chapter |
| Language: | English |
| Subjects: | |
| Tags: |
No Tags, Be the first to tag this record!
|
MARC
| LEADER | 00000nla a2200000 4500 | ||
|---|---|---|---|
| 001 | 0211676 | ||
| 005 | 20240502083530.2 | ||
| 041 | 0 | |a eng | |
| 044 | |a IN | ||
| 245 | 1 | 0 | |a Current Challenges of Minority Policy in Slovak Republic |c Zuzana Krkošková |
| 520 | |a Výzvy menšinovej politiky na Slovensku. Skladba slovenskej populácie na Slovensku z hľadiska národností. Práva menšín, ochrana menšín. Maďarská menšina, rómska menšina. Historický prehľad formovania sa menšinovej politiky od vzniku SR (1993). Stav implementácie Rámcovej konvencie na ochranu národnostných menšín na Slovensku. | ||
| 610 | 2 | 0 | |a menšiny národnostné |
| 610 | 2 | 0 | |a politika národnostná |
| 610 | 2 | 0 | |a Slovensko |
| 610 | 2 | 0 | |a ochrana právna |
| 610 | 2 | 0 | |a ochrana práv občanov |
| 610 | 2 | 0 | |a ochrana ľudských práv |
| 610 | 2 | 0 | |a Rómovia |
| 610 | 2 | 0 | |a kapitál sociálny |
| 100 | 1 | |a Krkošková, Zuzana | |